Estatísticas para países afetados pelo circulo de fogo

Clique aqui para jogar o quiz

Estatísticas Gerais

  • Esse quiz foi jogado 47 vezes
  • A pontuação média é 20 de 28

Estatísticas das Respostas

continentepais% Correto
ÁsiaJapão
90%
América do SulChile
85%
América do SulColombia
85%
America do norteEstados Unidos
85%
America do norteMéxico
85%
América do norteCanadá
83%
ÁsiaIndonésia
80%
América do SulEquador
78%
ÁsiaFilipinas
78%
OceaniaNova Zelandia
78%
América do SulPeru
78%
América CentralPanamá
76%
America CentralGuatemala
73%
América CentralHonduras
71%
ÁsiaMalásia
71%
América CentralNicaragua
71%
OceaniaPapua Nova Guiné
71%
América CentralCosta rica
68%
ÁsiaTailândia
68%
América CentralBelize
66%
América CentralEl Salvador
63%
OceaniaIlhas Salomão
61%
ÁsiaSingapura
61%
ÁsiaTimor leste
59%
ÁsiaTaiwan
54%
OceaniaTonga
54%
ÁsiaBrunei
51%
OceaniaVanuatu
49%

Distribuição das Pontuações

Percentil de Números Respondidos

Porcentagem de Pessoas com Cada Pontuação

Sua Pontuação Histórica

Você não jogou esse quiz